000
00321 a2200109 4500
001
ART_47847
005
20260410162041.0
008
260409a
245
1
0
_a
Efectos de la opción del revalúo impositivo contable
100
1
_a
Bello, Alberto M.
773
0
_t
Impuestos
_g
- N°38 (oct. 2018)
_w
REV45175
999
_c
34927
_d
34927